LEADER 02042nam 2200445 450 001 9910136508303321 005 20230808195036.0 010 $a1-5154-0991-0 035 $a(CKB)3710000000841581 035 $a(EBL)4659631 035 $a(MiAaPQ)EBC4659631 035 $a(EXLCZ)993710000000841581 100 $a20160912h20162016 uy 0 101 0 $aeng 135 $aur|n|---||||| 181 $2rdacontent 182 $2rdamedia 183 $2rdacarrier 200 14$aThe negro problem /$fBooker T. Washington 210 1$a[Lanham, Maryland] :$cDancing Unicorn Books,$d2016. 210 4$dİ2016 215 $a1 online resource (71 p.) 300 $aDescription based upon print version of record. 311 $a1-59102-106-5 327 $aIndustrial Education for the Negro; The Talented Tenth; The Disfranchisement of the Negro; The Negro and the Law; The Characteristics of the Negro People; Representative American Negroes; The Negro's Place in American Life at the Present Day 330 $aHere are six historic essays on the state of race relations during the Reconstruction and early twentieth century, written from the African American point of view. These essays show us how far race relations have progressed, and sadly how far we have yet to go. Included are ""Industrial Education for the Negro"" by Booker T. Washington, ""The Talented Tenth"" by W.E. Burghardt DuBois, ""The Disfranchisement of the Negro"" by Charles W. Chesnutt, ""The Negro and the Law"" by Wilford H. Smith, ""The Characteristics of the Negro People"" by H.T. Kealing, and ""Representative American Negroes"" by 606 $aIndustrial efficiency 606 $aProblem 615 0$aIndustrial efficiency. 615 0$aProblem. 676 $a658.3 700 $aWashington$b Booker T.$0817054 701 $aWashington$b Booker T.$f1856-1915.$0817054 801 0$bMiAaPQ 801 1$bMiAaPQ 801 2$bMiAaPQ 906 $aBOOK 912 $a9910136508303321 996 $aThe negro problem$92867775 997 $aUNINA